000 00579nam a2200229Ia 4500
003 OSt
005 20221005123025.0
006 a|||||r|||| 00| 0
007 ta
008 221004b |||||||| |||| 00| 0 mal d
024 _a54427
037 _cTextual
040 _aCRL
_cCRL
_bmal
041 _2mal
_amal
082 _aO32,1xM, H7
100 _aPillai Narayana Au.
_9626951
245 0 _aKesimathanam
260 _c1947
650 _aMALAYALAM LITERATURE
_938866
942 _hO32,1xM, H7
_cTEXL
_2cc
999 _c1046163
_d1046163